| 000 | 005630000a22002050004500 | ||
|---|---|---|---|
| 003 | LK-CoMWRAF | ||
| 008 | 230817t ||||| |||| 00| 0 eng d | ||
| 040 |
_aLK-CoMWRAF _dLK-CoMWRAF _eLK-CoMWRAF |
||
| 041 | _aeng | ||
| 082 |
_a151.6 _bRIY |
||
| 100 | _aRiyal, M.J.M. | ||
| 245 |
_aMadheenavai Noakki (Biography of Prophet Muhammed in Tamil) _b |
||
| 250 | _aFirst Edition | ||
| 260 |
_bAl-Hilal Publishing House _aNegombo (Sri Lanka) _c1980 |
||
| 300 | _ap.258 | ||
| 650 | _aAluchchi | ||
| 650 | _aMadheenavai Noakki | ||
| 650 | _aOli Vilakku | ||
| 942 | _cBK | ||
| 999 |
_c2264 _d2264 |
||